Vista normal
Vista MARC
Entrada Materia (personas)
Número de registros utilizados en: 3
001 - CONTROL NUMBER
- control field: 32992
003 - CONTROL NUMBER IDENTIFIER
- control field: Co-BoUCM
005 - DATE AND TIME OF LATEST TRANSACTION
- control field: 20130318113651.0
008 - FIXED-LENGTH DATA ELEMENTS
- fixed length control field: 130318|| aca||aabn | a|a d
040 ## - CATALOGING SOURCE
- Original cataloging agency: Co-BoUCM
- Transcribing agency: Co-BoUCM
100 ## - HEADING--PERSONAL NAME
- Personal name: Diaz-Plaja, Guillermo
- Dates associated with a name: 1909-1984
670 ## - SOURCE DATA FOUND
- Source citation: Work cat.: (Co-BoUCM)32015: Diaz-Plaja, Guillermo 1909-1984, Hispanoamérica en su literatura, 1970